[Event "Sydney Open 2014"]
[Site "Sydney AUS"]
[Date "2014.04.26"]
[Round "7.6"]
[White "Johansen, Darryl K."]
[Black "Bao, Qilin"]
[Result "1/2-1/2"]
[WhiteTitle "GM"]
[WhiteElo "2400"]
[BlackElo "2213"]
[WhiteFideId "3200035"]
[BlackFideId "8605750"]
[EventDate "2014.04.23"]

1. d4 Nf6 2. Nf3 g6 3. Bg5 Bg7 4. Nbd2 d6 5. e4 h6 6. Bh4 c5 7. dxc5 dxc5 8. Bc4
Nc6 9. O-O Bg4 10. Re1 O-O 11. c3 Ne5 12. Qe2 Nh5 13. Bg3 Nxg3 14. hxg3 e6 15.
Nf1 Qb6 16. N1h2 1/2-1/2

[Event "Sydney Open 2014"]
[Site "Sydney AUS"]
[Date "2014.04.26"]
[Round "7.7"]
[White "Izzat, Kanan"]
[Black "Zhai, Mo"]
[Result "1/2-1/2"]
[WhiteTitle "FM"]
[BlackTitle "WIM"]
[WhiteElo "2383"]
[BlackElo "2243"]
[WhiteFideId "13405209"]
[BlackFideId "8600201"]
[EventDate "2014.04.23"]

1. e4 c5 2. c3 d5 3. exd5 Qxd5 4. d4 Nf6 5. Nf3 e6 6. Na3 Be7 7. Nb5 Na6 8. Be2
O-O 9. O-O cxd4 10. Qxd4 Rd8 11. Rd1 Bd7 12. Qh4 Qe4 13. Qxe4 Nxe4 14. Be3 Nac5
15. Ne5 Bxb5 16. Bxb5 a6 17. Be2 Na4 18. Rd4 Rxd4 19. Bxd4 Nxb2 20. Rb1 Na4 21.
Rxb7 Naxc3 22. Bxa6 h6 23. Bc4 Bf6 24. Bxc3 Rc8 25. Bb2 Bxe5 26. Bxe5 Rxc4 27.
Rc7 Rb4 28. g3 f6 29. Rc8+ Kh7 30. Bb8 Rb1+ 31. Kg2 Rb2 32. Ba7 Rxa2 33. Be3 Kg6
34. h4 h5 35. Kf3 Nd2+ 36. Bxd2 Rxd2 37. Rc7 f5 38. Ra7 Kf6 39. Ra6 Rb2 40. Ke3
Rb3+ 41. Kf4 Rc3 42. Rb6 Ra3 43. Rc6 Ra4+ 44. Kf3 Rg4 45. Rc5 g6 46. Rc8 f4 47.
Rf8+ Ke5 48. gxf4+ Kd6 49. Rg8 Ke7 50. Ke4 Kf6 51. Rf8+ Kg7 52. Re8 Kf7 53. Ra8
Kf6 54. Rf8+ Kg7 55. Re8 Rxh4 56. Rxe6 Rg4 57. Kf3 Rg1 58. Re7+ Kh6 59. Re8 Kg7
60. Re7+ Kf6 61. Ra7 Re1 62. Ra5 Re6 63. Kg3 Rb6 64. f3 Rd6 65. Rb5 Rd1 66. Rb6+
Kf5 67. Rb5+ Ke6 68. Rb6+ Kf5 69. Rb5+ Ke6 1/2-1/2

[Event "Sydney Open 2014"]
[Site "Sydney AUS"]
[Date "2014.04.26"]
[Round "7.8"]
[White "Mu, Ke"]
[Black "Morris, James"]
[Result "1-0"]
[BlackTitle "IM"]
[WhiteElo "2325"]
[BlackElo "2377"]
[WhiteFideId "8602778"]
[BlackFideId "3205800"]
[EventDate "2014.04.23"]

1. d4 Nf6 2. c4 e6 3. Nc3 Bb4 4. e3 O-O 5. Ne2 Re8 6. a3 Bf8 7. d5 exd5 8. cxd5
c5 9. Ng3 g6 10. Be2 d6 11. e4 Na6 12. h4 Nc7 13. h5 b5 14. hxg6 fxg6 15. b4 Bg7
16. Bg5 a5 17. bxc5 b4 18. Na4 dxc5 19. Nxc5 Qd6 20. axb4 Qe5 21. Bxf6 Bxf6 22.
Rc1 axb4 23. d6 Rd8 24. Qb3+ Ne6 25. d7 Bxd7 26. Bc4 Ra3 27. Bxe6+ Kh8 28. Nxd7
Qf4 29. Ne2 Bc3+ 30. Rxc3 Rxb3 31. Nxf4 Rxc3 32. Ke2 1-0

[Event "Sydney Open 2014"]
[Site "Sydney AUS"]
[Date "2014.04.26"]
[Round "7.9"]
[White "Ootes, Lars"]
[Black "Canfell, Gregory"]
[Result "1-0"]
[BlackTitle "FM"]
[WhiteElo "2361"]
[BlackElo "2304"]
[WhiteFideId "1019708"]
[BlackFideId "3200418"]
[EventDate "2014.04.23"]

1. e4 c5 2. Nf3 e6 3. d4 cxd4 4. Nxd4 Nf6 5. Nc3 d6 6. g4 a6 7. Be3 h6 8. f4 Nc6
9. Nxc6 bxc6 10. Qf3 Rb8 11. O-O-O Qa5 12. Bc4 d5 13. Bb3 Be7 14. Rhe1 O-O 15.
Bd2 Qc7 16. exd5 cxd5 17. g5 hxg5 18. fxg5 Nh7 19. h4 Rb4 20. Qg2 Bb7 21. Qh3 g6
22. Kb1 Rd4 23. h5 Bc8 24. hxg6 fxg6 25. Qh6 Rf7 26. Qxg6+ Rg7 27. Qe8+ Nf8 28.
Be3 Rh4 29. Rxd5 Qg3 30. Rdd1 Bd7 31. Qa8 Bb4 32. Bc1 a5 33. Ne4 Qc7 34. Nf6+
Kh8 35. Rh1 Rgh7 36. Rxh4 Rxh4 37. Nxd7 1-0

[Event "Sydney Open 2014"]
[Site "Sydney AUS"]
[Date "2014.04.26"]
[Round "7.10"]
[White "Nakauchi, Gene"]
[Black "Dive, Russell John"]
[Result "1-0"]
[WhiteTitle "FM"]
[BlackTitle "IM"]
[WhiteElo "2213"]
[BlackElo "2357"]
[WhiteFideId "3200698"]
[BlackFideId "4300106"]
[EventDate "2014.04.23"]

1. e4 e5 2. Nf3 Nf6 3. Nxe5 d6 4. Nf3 Nxe4 5. Nc3 Nxc3 6. dxc3 Be7 7. Be3 O-O 8.
Qd2 Nc6 9. O-O-O Re8 10. h4 Bg4 11. Bc4 Ne5 12. Be2 Nxf3 13. gxf3 Be6 14. Rdg1
Kh8 15. Bd3 c6 16. Rxg7 Bf6 17. Rxh7+ Kg8 18. Bh6 1-0

[Event "Sydney Open 2014"]
[Site "Sydney AUS"]
[Date "2014.04.26"]
[Round "7.11"]
[White "Smirnov, Anton"]
[Black "Otgonjargal, Sengeravdan"]
[Result "1-0"]
[WhiteTitle "FM"]
[BlackTitle "WFM"]
[WhiteElo "2344"]
[BlackElo "2196"]
[WhiteFideId "3208923"]
[BlackFideId "4900790"]
[EventDate "2014.04.23"]

1. e4 e5 2. Nf3 Nc6 3. Bb5 a6 4. Ba4 Nf6 5. O-O b5 6. Bb3 Be7 7. Re1 d6 8. c3
O-O 9. h3 Nb8 10. d4 Nbd7 11. Nbd2 c5 12. Nf1 Bb7 13. d5 Re8 14. Bc2 c4 15. Ng3
Bf8 16. a4 Qc7 17. Bg5 Reb8 18. Qd2 Bc8 19. Nh2 h6 20. Be3 Nc5 21. axb5 Rxb5 22.
Ba4 Ra5 23. Bxc5 Rxc5 24. Bc6 Rb8 25. Kh1 Nd7 26. Nf5 Rxc6 27. dxc6 Nc5 28. Qe2
Qxc6 29. Qxc4 Rxb2 30. f3 Be6 31. Qf1 g6 32. Ne3 Nb3 33. Rxa6 Qc8 34. Nhg4 Nd2
35. Qd3 h5 36. Nh2 Nc4 37. Raa1 Rd2 38. Qf1 Nb2 39. c4 Nxc4 40. Rac1 Rd4 41.
Nxc4 Bxc4 42. Qf2 Qa6 43. Nf1 Be6 44. Ra1 Qc8 45. Rec1 Qd7 46. Ra8 Kg7 47. Rb1
Ra4 48. Rab8 d5 49. Ng3 Qe7 50. f4 exf4 51. Qxf4 Kh7 52. R8b5 Bh6 53. Qf2 h4 54.
Ne2 dxe4 55. Rb7 Qg5 56. Nd4 Rxd4 57. Qxd4 e3 58. Qe4 Bd5 59. Qg4 Qxg4 60. hxg4
Bxb7 61. Rxb7 Kg7 62. Kg1 Bf4 63. Kf1 Kf6 64. Ke2 g5 65. Rb6+ Ke5 66. Kf3 f6 67.
Ke2 Kd4 68. Rxf6 Ke4 69. Ra6 Kd4 70. Ra4+ Kc3 71. Re4 Kc2 72. Rc4+ Kb3 73. Re4
Kc2 74. Rxe3 Bxe3 75. Kxe3 Kd1 76. Ke4 Ke2 77. Kf5 1-0

[Event "Sydney Open 2014"]
[Site "Sydney AUS"]
[Date "2014.04.26"]
[Round "7.12"]
[White "Stojic, Dusan"]
[Black "Dale, Ari"]
[Result "0-1"]
[WhiteTitle "FM"]
[BlackTitle "IM"]
[WhiteElo "2173"]
[BlackElo "2310"]
[WhiteFideId "3203689"]
[BlackFideId "3213145"]
[EventDate "2014.04.23"]

1. Nf3 c5 2. g3 Nc6 3. Bg2 e5 4. d3 d6 5. c4 g6 6. Nc3 Bg7 7. a3 a5 8. Nd2 Nge7
9. Nf1 O-O 10. Ne3 f5 11. O-O h5 12. Ned5 Nxd5 13. Bxd5+ Kh7 14. h4 f4 15. e3
Bg4 16. Bf3 Bxf3 17. Qxf3 fxg3 18. Qxg3 Bf6 19. Ne4 Bxh4 20. Qh3 Be7 21. Bd2 d5
22. cxd5 Qxd5 23. Ng3 Rf3 24. Bc3 Raf8 25. Rad1 b5 26. Qg2 Bh4 27. Ne4 b4 28.
Be1 Qb3 29. Rc1 Qxd3 30. Nd2 Bxf2+ 31. Bxf2 Qxd2 32. Rcd1 Qc2 33. Rd6 Qe4 34.
axb4 Nxb4 35. Rfd1 c4 36. Rd7+ Kh6 37. Rd8 Qc2 38. R1d2 Rxf2 0-1

[Event "Sydney Open 2014"]
[Site "Sydney AUS"]
[Date "2014.04.26"]
[Round "7.14"]
[White "Zepeda, Lorena"]
[Black "Mungunkhuu, Mijgee"]
[Result "0-1"]
[WhiteTitle "WIM"]
[WhiteElo "2162"]
[BlackElo "2215"]
[WhiteFideId "6700233"]
[BlackFideId "4900863"]
[EventDate "2014.04.23"]

1. e4 c5 2. Nf3 d6 3. d4 cxd4 4. Nxd4 Nf6 5. Nc3 a6 6. Be3 e6 7. g4 Be7 8. g5
Nfd7 9. h4 b5 10. f4 b4 11. Nce2 Nc5 12. Bg2 Bb7 13. Ng3 Qc7 14. h5 Nbd7 15. O-O
O-O 16. c3 bxc3 17. b4 Nxe4 18. Nxe4 d5 19. Nc5 Nxc5 20. bxc5 Bxc5 21. Qd3 Bd6
22. Rac1 Rac8 23. Rc2 Bb4 24. Ne2 Bc6 25. h6 Ba4 26. Rcc1 Qc4 27. Qd4 Qxd4 28.
Bxd4 gxh6 29. Nxc3 Ba3 30. Rb1 Bc2 31. Rb7 Rc4 32. Be5 hxg5 33. fxg5 Rg4 34. Bf4
d4 35. Rc7 dxc3 36. Rxc3 Be4 37. Bg3 Bxg2 38. Kxg2 Bd6 39. Rd1 Bxg3 40. Rxg3
Rxg3+ 41. Kxg3 Rc8 42. Rd4 Rc3+ 43. Kf4 Ra3 44. Rd2 Kg7 45. Rh2 Ra5 46. Kg4 Ra4+
47. Kf3 Kg6 48. Rg2 Ra5 0-1

[Event "Sydney Open 2014"]
[Site "Sydney AUS"]
[Date "2014.04.26"]
[Round "7.16"]
[White "Puccini, Jack"]
[Black "Lane, Gary W."]
[Result "0-1"]
[WhiteTitle "CM"]
[BlackTitle "IM"]
[WhiteElo "2088"]
[BlackElo "2362"]
[WhiteFideId "3213307"]
[BlackFideId "3203301"]
[EventDate "2014.04.23"]

1. e4 e5 2. Nf3 Nc6 3. d4 exd4 4. Nxd4 Nf6 5. Nxc6 bxc6 6. e5 Ne4 7. Qf3 Ng5 8.
Qg3 Ne6 9. Nc3 d6 10. Bd3 Be7 11. O-O O-O 12. Be3 f5 13. exf6 Bxf6 14. Rab1 Bh4
15. Qg4 Nf4 16. Qd1 Nxd3 17. Qxd3 d5 18. Ne2 a5 19. Qc3 Bd7 20. Nd4 Qe8 21. Qd3
Qh5 22. f4 Bf6 23. Rbe1 Rab8 24. b3 c5 25. Nf3 d4 26. a4 Qf5 27. Qxf5 Bxf5 28.
Bd2 Bxc2 29. Bxa5 Bxb3 30. Bxc7 Rbc8 31. Bd6 Rfd8 32. Be7 Bxe7 33. Rxe7 c4 34.
Nd2 Bxa4 35. Ra1 c3 36. Nf3 d3 0-1

[Event "Sydney Open 2014"]
[Site "Sydney AUS"]
[Date "2014.04.26"]
[Round "7.18"]
[White "Zulfic, Fedja"]
[Black "Guo, Emma"]
[Result "1/2-1/2"]
[BlackTitle "WIM"]
[WhiteElo "2192"]
[BlackElo "2022"]
[WhiteFideId "3208427"]
[BlackFideId "3200795"]
[EventDate "2014.04.23"]

1. d4 Nf6 2. c4 g6 3. Nc3 d5 4. Nf3 Bg7 5. h4 c6 6. Bg5 Ne4 7. e3 h5 8. Qb3 Nxg5
9. Nxg5 e6 10. Be2 Nd7 11. e4 dxc4 12. Bxc4 Nb6 13. Rd1 O-O 14. e5 Qc7 15. Nce4
c5 16. dxc5 Nxc4 17. Qxc4 Qxe5 18. b4 f5 19. f4 Qb2 20. Nd6 Qxg2 21. Rh3 Qg1+
22. Ke2 1/2-1/2

[Event "Sydney Open 2014"]
[Site "Sydney AUS"]
[Date "2014.04.26"]
[Round "8.5"]
[White "Dale, Ari"]
[Black "Mu, Ke"]
[Result "1/2-1/2"]
[WhiteTitle "IM"]
[WhiteElo "2310"]
[BlackElo "2325"]
[WhiteFideId "3213145"]
[BlackFideId "8602778"]
[EventDate "2014.04.23"]

1. d4 Nf6 2. c4 g6 3. Nc3 d5 4. cxd5 Nxd5 5. e4 Nxc3 6. bxc3 Bg7 7. Nf3 c5 8.
Rb1 O-O 9. Be2 b6 10. O-O Bb7 11. Qd3 e6 12. Bg5 Qc7 13. Qe3 Nd7 14. Bf4 e5 15.
Bg3 Rae8 16. d5 Qd6 17. Nd2 f5 18. Bh4 Bf6 19. Nc4 Qc7 20. Bxf6 Nxf6 21. f3 Nh5
22. d6 Qd8 23. exf5 gxf5 24. d7 Qxd7 25. Nxe5 Qg7 26. Bc4+ Kh8 27. Rbe1 Bc6 28.
Rf2 f4 29. Qe2 Rf5 30. Nxc6 Rxe2 31. Rfxe2 Qxc3 32. Re8+ Kg7 33. Rg8+ Kh6 34.
Re6+ Rf6 35. Ne5 Qd4+ 36. Kf1 Qxc4+ 37. Nxc4 Rxe6 38. a4 Nf6 39. Ra8 Re7 40. Nd6
Kg6 41. Nb5 a5 42. g3 Re3 43. Kf2 Rb3 44. Rd8 Rb2+ 45. Kg1 Rb4 46. Rd6 fxg3 47.
hxg3 Rxa4 48. Nc3 Rd4 49. Rxb6 Rd3 50. Ne4 Rxf3 51. Nxc5 Rxg3+ 52. Kf2 Rg5 53.
Ne4 Rf5+ 54. Kg3 Kg7 55. Rb7+ Kh8 56. Rb8+ 1/2-1/2

[Event "Sydney Open 2014"]
[Site "Sydney AUS"]
[Date "2014.04.26"]
[Round "8.6"]
[White "Zhai, Mo"]
[Black "Johansen, Darryl K."]
[Result "0-1"]
[WhiteTitle "WIM"]
[BlackTitle "GM"]
[WhiteElo "2243"]
[BlackElo "2400"]
[WhiteFideId "8600201"]
[BlackFideId "3200035"]
[EventDate "2014.04.23"]

1. e4 c5 2. Nf3 d6 3. d4 cxd4 4. Nxd4 Nf6 5. Nc3 Nc6 6. Bg5 e6 7. Qd2 a6 8.
O-O-O h6 9. Bh4 Nxe4 10. Qf4 Ng5 11. Nxc6 bxc6 12. Qa4 f6 13. Bxg5 hxg5 14.
Qxc6+ Bd7 15. Qe4 f5 16. Qe3 Be7 17. g4 f4 18. Qe4 Rb8 19. Bc4 Rh6 20. Rhe1 Qb6
21. Bb3 Qc5 22. Nd5 Kd8 23. Nxe7 Kxe7 24. Rd5 Qxf2 25. Re2 Qg1+ 26. Rd1 Qc5 27.
Rd5 Qc6 28. Qd4 Rg6 29. Qd3 Be8 30. Qd4 f3 31. Re1 f2 32. Qxf2 Rxb3 33. Rf5 Rb5
34. h4 Qb6 35. Qg3 Rxb2 36. Re4 Rb1+ 37. Kd2 Qg1 38. Qxg1 Rxg1 39. h5 Rxg4 0-1

[Event "Sydney Open 2014"]
[Site "Sydney AUS"]
[Date "2014.04.26"]
[Round "8.7"]
[White "Mungunkhuu, Mijgee"]
[Black "Izzat, Kanan"]
[Result "1/2-1/2"]
[BlackTitle "FM"]
[WhiteElo "2215"]
[BlackElo "2383"]
[WhiteFideId "4900863"]
[BlackFideId "13405209"]
[EventDate "2014.04.23"]

1. d4 Nf6 2. c4 c6 3. Nc3 d5 4. Bg5 e6 5. e3 Nbd7 6. Nf3 Qa5 7. cxd5 exd5 8. Qb3
Be7 9. Bd3 O-O 10. O-O Re8 11. h3 Nf8 12. Ne5 Ne6 13. Bh4 Nh5 14. Qd1 g6 15.
Bxe7 Rxe7 16. g4 Nhg7 17. f4 f6 18. Nf3 Qc7 19. Qc2 Nf8 20. Rae1 f5 21. Ne5 Be6
22. Rf2 Rd8 23. Rg2 Kh8 24. Qf2 Ree8 25. Qh4 Qe7 26. Qh6 Rd6 27. Kh2 Bc8 28.
Reg1 Kg8 29. Ne2 g5 30. Qxg5 Qxg5 31. fxg5 fxg4 32. h4 Bf5 33. Nf4 Nd7 34. Nxg4
Bxg4 35. Rxg4 Rxe3 36. h5 Nxh5 37. Bxh7+ Kxh7 38. Nxh5 Re2+ 39. Kh3 Rde6 40. g6+
Kg8 41. Rf1 R6e3+ 42. Kh4 Ne5 43. Rf8+ Kxf8 44. g7+ Ke7 45. g8=Q Nf3+ 46. Kh3
Ng1+ 47. Kh4 Nf3+ 48. Kg3 Ne5+ 49. Kh4 Nf3+ 50. Kg3 Ne5+ 51. Kf4 Re4+ 52. Kf5
Nxg4 53. Qc8 Ne3+ 54. Kg6 Rg2+ 55. Kh7 Rh4 56. Qc7+ Ke6 57. Qc8+ Ke7 58. Qc7+
Ke6 59. Qc8+ 1/2-1/2

[Event "Sydney Open 2014"]
[Site "Sydney AUS"]
[Date "2014.04.26"]
[Round "8.8"]
[White "Kargosha, Bahman"]
[Black "Solomon, Stephen J."]
[Result "0-1"]
[BlackTitle "IM"]
[WhiteElo "2132"]
[BlackElo "2369"]
[WhiteFideId "12503452"]
[BlackFideId "3200043"]
[EventDate "2014.04.23"]

1. d4 d5 2. c4 e6 3. Nc3 Nf6 4. cxd5 exd5 5. Bg5 Be7 6. e3 Nbd7 7. Bd3 c6 8. Nf3
Nf8 9. h3 Ne6 10. Bxf6 Bxf6 11. Qc2 g6 12. O-O-O a5 13. Kb1 O-O 14. g4 Bg7 15.
Na4 Re8 16. Ne5 Qd6 17. Nb6 Rb8 18. f4 Qb4 19. Na4 Bxe5 20. fxe5 b5 21. Nc3 a4
22. Rdg1 a3 23. b3 Nxd4 24. exd4 Qxd4 25. h4 Rxe5 26. Ne2 Qe3 27. h5 c5 28. hxg6
fxg6 29. Bxg6 Qxe2 30. Bxh7+ Kf7 31. Rf1+ Ke8 32. Bg6+ Kd7 33. Bf5+ Kd6 34. Rh6+
Be6 35. Qxe2 Rxe2 36. g5 Rf8 37. Rf6 Rxf6 38. gxf6 Bf7 39. Bd3 Rb2+ 40. Ka1 c4
41. Bf5 d4 42. Rd1 Ke5 43. Bd7 b4 44. bxc4 Bxc4 45. Re1+ Kxf6 46. Rc1 Bd5 47.
Bc6 Rxa2+ 48. Kb1 Rb2+ 49. Ka1 Be6 50. Bd5 Re2 51. Rc6 d3 52. Bc4 Re1+ 53. Ka2
d2 0-1

[Event "Sydney Open 2014"]
[Site "Sydney AUS"]
[Date "2014.04.26"]
[Round "8.9"]
[White "Bao, Qilin"]
[Black "Nakauchi, Gene"]
[Result "1-0"]
[BlackTitle "FM"]
[WhiteElo "2213"]
[BlackElo "2213"]
[WhiteFideId "8605750"]
[BlackFideId "3200698"]
[EventDate "2014.04.23"]

1. e4 c5 2. Nf3 e6 3. b3 Nc6 4. Bb2 d5 5. exd5 exd5 6. Bb5 Nf6 7. O-O Be7 8. d4
O-O 9. h3 Ne4 10. Nc3 Bf6 11. Na4 Qa5 12. Bxc6 bxc6 13. Re1 Ba6 14. c4 Rfe8 15.
Qc2 cxd4 16. Nxd4 Rac8 17. Nf5 Bxb2 18. Qxb2 f6 19. f3 Nc5 20. Re7 Rxe7 21.
Nxe7+ Kf7 22. Nxc8 Bxc8 23. Nxc5 Qxc5+ 24. Qf2 Qxf2+ 25. Kxf2 dxc4 26. bxc4 c5
27. Rb1 Ke6 28. Ke3 Kd6 29. Rd1+ Kc6 30. Rd8 Be6 31. Kd3 h5 32. Kc3 a5 33. Ra8
Kb6 34. Rh8 Bf5 35. Rxh5 Bb1 36. a3 a4 37. Rh8 Kb7 38. Rf8 Kc6 39. Rf7 1-0

[Event "Sydney Open 2014"]
[Site "Sydney AUS"]
[Date "2014.04.26"]
[Round "8.10"]
[White "Morris, James"]
[Black "Smirnov, Anton"]
[Result "1/2-1/2"]
[WhiteTitle "IM"]
[BlackTitle "FM"]
[WhiteElo "2377"]
[BlackElo "2344"]
[WhiteFideId "3205800"]
[BlackFideId "3208923"]
[EventDate "2014.04.23"]

1. e4 c5 2. Nf3 d6 3. c3 Nf6 4. Bd3 Bg4 5. h3 Bh5 6. Bc2 e6 7. d3 d5 8. Nbd2 Nc6
9. O-O Be7 10. Re1 O-O 11. exd5 exd5 12. Nf1 Bd6 13. Ng3 Bg6 14. Nh4 d4 15. Nxg6
hxg6 16. Ne4 Nxe4 17. Rxe4 Re8 18. c4 Rxe4 19. dxe4 Qh4 20. Qf1 Re8 21. g3 Qh5
22. Bd1 Qe5 23. Bf3 f5 24. exf5 Qxf5 25. Bd5+ Kf8 26. Bd2 Ne5 27. f4 Nf7 28. Re1
Rxe1 29. Bxe1 b6 30. Qe2 Qxh3 31. Be6 Qh6 32. Qe4 Be7 33. Bxf7 1/2-1/2

[Event "Sydney Open 2014"]
[Site "Sydney AUS"]
[Date "2014.04.26"]
[Round "8.11"]
[White "Roy Chowdhury, Saptarshi"]
[Black "Nazari, Sattar"]
[Result "1-0"]
[WhiteTitle "GM"]
[WhiteElo "2491"]
[BlackElo "2143"]
[WhiteFideId "5002974"]
[BlackFideId "12504750"]
[EventDate "2014.04.23"]

1. e4 c5 2. Nf3 d6 3. d3 Nc6 4. Nbd2 g6 5. g3 Bg7 6. Bg2 Nf6 7. c3 O-O 8. O-O
Bd7 9. Re1 Qc7 10. a3 Rab8 11. b4 cxb4 12. axb4 Nxb4 13. cxb4 Nxe4 14. Nxe4 Bxa1
15. Bh6 Bg7 16. Bxg7 Kxg7 17. Qa1+ e5 18. Nfd2 b5 19. d4 f6 20. dxe5 fxe5 21. f4
Rbe8 22. fxe5 dxe5 23. Nc5 Bc6 24. Bxc6 Qxc6 25. Nde4 Rf7 26. Rd1 Rfe7 27. Rd6
Qc8 28. Ra6 Rd8 29. Rxa7 Rd1+ 30. Qxd1 Rxa7 31. Qd5 Ra1+ 32. Kg2 Qf5 33. Nf2 Re1
34. Qd2 Qb1 35. Qd7+ Kh6 36. Ng4+ Kh5 37. Kh3 g5 38. Nd3 1-0

[Event "Sydney Open 2014"]
[Site "Sydney AUS"]
[Date "2014.04.26"]
[Round "8.12"]
[White "Lane, Gary W."]
[Black "Brown, Andrew"]
[Result "1/2-1/2"]
[WhiteTitle "IM"]
[BlackTitle "IM"]
[WhiteElo "2362"]
[BlackElo "2252"]
[WhiteFideId "3203301"]
[BlackFideId "3206513"]
[EventDate "2014.04.23"]

1. e4 c5 2. Nf3 Nc6 3. Bb5 g6 4. O-O Bg7 5. c3 Nf6 6. Re1 O-O 7. h3 Qc7 8. d4 d6
9. Nbd2 Bd7 10. Bd3 Nh5 11. Nb3 b6 12. g4 Nf6 13. e5 dxe5 14. dxe5 Nxg4 15. hxg4
Bxg4 16. Be4 Rad8 17. Qe2 Nxe5 18. Bf4 Qc8 19. Bxe5 Bxe5 20. Qe3 Bb8 21. Nbd2
Bh5 22. Qg5 Qh3 23. Qg2 Qd7 24. Nf1 Bxf3 25. Qxf3 e6 26. Qf6 Bd6 27. Rad1 Qe7
28. Qxe7 Bxe7 29. Ne3 Rxd1 30. Rxd1 Rd8 31. Bd3 Bd6 32. Kf1 Kf8 33. a4 h5 34.
Nc4 Bc7 35. Ke2 Ke7 36. Ke3 g5 37. Be2 Rxd1 38. Bxd1 h4 39. f3 Bg3 40. Ke2 f5
41. Kf1 h3 42. Be2 Kd7 43. Kg1 Kc6 44. Bf1 h2+ 45. Kg2 Bf4 46. Bd3 Kd5 1/2-1/2

[Event "Sydney Open 2014"]
[Site "Sydney AUS"]
[Date "2014.04.26"]
[Round "8.13"]
[White "Bjelobrk, Igor"]
[Black "Chau, Bernard"]
[Result "1-0"]
[WhiteTitle "IM"]
[WhiteElo "2355"]
[BlackElo "2018"]
[WhiteFideId "4300726"]
[BlackFideId "3214184"]
[EventDate "2014.04.23"]

1. Nf3 g6 2. c4 Bg7 3. d4 c5 4. d5 d6 5. e4 e5 6. Nc3 a6 7. Bd3 Ne7 8. a3 Nd7 9.
b4 b6 10. Rb1 O-O 11. O-O f5 12. Ng5 Nf6 13. bxc5 bxc5 14. f3 h6 15. Ne6 Bxe6
16. dxe6 Qc8 17. Nd5 Ra7 18. Nxe7+ Rxe7 19. exf5 Qc6 20. Qb3 e4 21. fxe4 Nxe4
22. Bxe4 Qxe4 23. Bb2 Rxf5 24. Rfe1 Qf4 25. h3 Bd4+ 26. Kh1 Kh7 27. Bxd4 Qxd4
28. Rbd1 Re5 29. Rf1 Qh4 30. Rxd6 R5xe6 31. Rxe6 Rxe6 32. Qb7+ Re7 1-0

[Event "Sydney Open 2014"]
[Site "Sydney AUS"]
[Date "2014.04.26"]
[Round "8.14"]
[White "Canfell, Gregory"]
[Black "Qiu, Mengjie"]
[Result "1/2-1/2"]
[WhiteTitle "FM"]
[BlackTitle "WFM"]
[WhiteElo "2304"]
[BlackElo "2083"]
[WhiteFideId "3200418"]
[BlackFideId "8606137"]
[EventDate "2014.04.23"]

1. e4 e5 2. Nf3 Nc6 3. Bb5 Nf6 4. d3 Bc5 5. O-O Nd4 6. Ba4 Nxf3+ 7. Qxf3 O-O 8.
Bg5 d6 9. c3 h6 10. Be3 Bg4 11. Qg3 Bxe3 12. Qxe3 c6 13. h3 Be6 14. Bb3 Re8 15.
Nd2 d5 16. Rfe1 dxe4 17. dxe4 Qb6 18. Qxb6 axb6 19. Bxe6 Rxe6 20. a4 Rd8 21. Nb3
Red6 22. a5 c5 23. axb6 Rxb6 24. Nxc5 Rxb2 25. Rab1 1/2-1/2

[Event "Sydney Open 2014"]
[Site "Sydney AUS"]
[Date "2014.04.26"]
[Round "8.15"]
[White "Boyd, Tristan"]
[Black "Otgonjargal, Sengeravdan"]
[Result "1/2-1/2"]
[WhiteTitle "FM"]
[BlackTitle "WFM"]
[WhiteElo "2267"]
[BlackElo "2196"]
[WhiteFideId "3203050"]
[BlackFideId "4900790"]
[EventDate "2014.04.23"]

1. e4 e5 2. Nf3 Nc6 3. Bb5 a6 4. Ba4 Nf6 5. O-O b5 6. Bb3 Be7 7. d4 d6 8. c3 O-O
9. h3 Bb7 10. Re1 Nb8 11. dxe5 dxe5 12. Qxd8 Bxd8 13. Nxe5 Nxe4 14. Bf4 c5 15.
Bc2 1/2-1/2

[Event "Sydney Open 2014"]
[Site "Sydney AUS"]
[Date "2014.04.26"]
[Round "8.18"]
[White "Zulfic, Fedja"]
[Black "Jule, Alexandra"]
[Result "1-0"]
[BlackTitle "WIM"]
[WhiteElo "2192"]
[BlackElo "1946"]
[WhiteFideId "3208427"]
[BlackFideId "3205517"]
[EventDate "2014.04.23"]

1. d4 d5 2. c4 c6 3. cxd5 cxd5 4. Nc3 Nc6 5. Nf3 g6 6. Bf4 Nf6 7. e3 Nh5 8. Be5
f6 9. Bg3 Nxg3 10. hxg3 Be6 11. Bd3 Bf7 12. Nh4 Bg7 13. Qg4 Qc8 14. Nf5 O-O 15.
Nh6+ 1-0

[Event "Sydney Open 2014"]
[Site "Sydney AUS"]
[Date "2014.04.26"]
[Round "8.20"]
[White "Guo, Emma"]
[Black "Zepeda, Lorena"]
[Result "1/2-1/2"]
[WhiteTitle "WIM"]
[BlackTitle "WIM"]
[WhiteElo "2022"]
[BlackElo "2162"]
[WhiteFideId "3200795"]
[BlackFideId "6700233"]
[EventDate "2014.04.23"]

1. d4 Nf6 2. c4 g6 3. Nc3 Bg7 4. e4 d6 5. h3 O-O 6. Bg5 Na6 7. Nf3 Qe8 8. Be2 e5
9. d5 Nh5 10. g3 f5 11. Qc2 fxe4 12. Nxe4 Bf5 13. Nfd2 Nf6 14. Bd3 Qd7 15. g4
Nb4 16. Qb3 Nxd3+ 17. Qxd3 Bxe4 18. Nxe4 Nxe4 19. Qxe4 b5 20. O-O bxc4 21. Rac1
Qb5 22. Qxc4 Qxb2 23. Rc2 Qa3 24. Rc3 Qa5 25. Qxc7 Qxd5 26. Be7 Rac8 27. Qxc8
Rxc8 28. Rxc8+ Kf7 29. Rc7 Ke6 30. Rfc1 1/2-1/2

[Event "Sydney Open 2014"]
[Site "Sydney AUS"]
[Date "2014.04.27"]
[Round "9.5"]
[White "Mu, Ke"]
[Black "Bao, Qilin"]
[Result "1-0"]
[WhiteElo "2325"]
[BlackElo "2213"]
[WhiteFideId "8602778"]
[BlackFideId "8605750"]
[EventDate "2014.04.23"]

1. d4 Nf6 2. c4 g6 3. Nc3 Bg7 4. Nf3 O-O 5. e4 d6 6. Be2 e5 7. O-O Nc6 8. d5 Ne7
9. b4 Nh5 10. Re1 f5 11. Ng5 Nf4 12. Bxf4 exf4 13. Rc1 Bf6 14. Ne6 Bxe6 15. dxe6
Bxc3 16. Rxc3 fxe4 17. Bg4 Nc6 18. Rxe4 Ne5 19. Bh3 c6 20. Rd4 Qb6 21. c5 dxc5
22. Rxc5 Qc7 23. Qe2 Rad8 24. Rxd8 Rxd8 25. g3 f3 26. Qxe5 1-0